| 000 -LEADER | |
|---|---|
| fixed length control field | 01001nam a2200217Ia 4500 |
| 008 - FIXED-LENGTH DATA ELEMENTS--GENERAL INFORMATION | |
| fixed length control field | 191130s1980##################000#0#eng## |
| 020 ## - INTERNATIONAL STANDARD BOOK NUMBER | |
| ISBN | 9783598107870 |
| 082 ## - DEWEY DECIMAL CLASSIFICATION NUMBER | |
| Classification number | 016.193 VON.1 |
| 100 ## - MAIN ENTRY--AUTHOR NAME | |
| Personal name | Steinhauer, Kurt |
| 245 ## - TITLE STATEMENT | |
| Title | Hegel bibliography : background material on the international reception of Hegel within the context of the history of philosophy |
| Statement of responsibility, etc | compiled by Kurt Steinhauer ; keyword index by Gitta Hausen = Hegel Bibliographie : Materialien zur Geschichte der internationalen Hegel-Rezeption und zur Philosophie-Geschichte / Zusammengestellt von Kurt Steinhauer ; Stichwortregister von Gitta Hausen |
| 260 ## - PUBLICATION, DISTRIBUTION, ETC. (IMPRINT) | |
| Place of publication | München ; New York |
| Name of publisher | K.G. Saur |
| Year of publication | 1980 |
| 300 ## - PHYSICAL DESCRIPTION | |
| Number of Pages | xvi, 894 p. ; 24 cm |
| 500 ## - GENERAL NOTE | |
| General note | English and German. Includes indexes |
| 650 ## - SUBJECT ADDED ENTRY--TOPICAL TERM | |
| Topical Term | Hegel, Georg Wilhelm Friedrich, 1770-1831 - Bibliography |
| 700 ## - ADDED ENTRY--PERSONAL NAME | |
| Personal name | Hausen, Gitta |
| 991 ## - | |
| -- | 433754 |
| Withdrawn status | Lost status | Damaged status | Not for loan | Home library | Current library | Shelving location | Date acquired | Full call number | Accession Number | Price effective from | Koha item type |
|---|---|---|---|---|---|---|---|---|---|---|---|
| Anna Centenary Library | Anna Centenary Library | 3RD FLOOR, A WING | 13.10.2020 | 016.193 VON.1 | 389162 | 13.10.2020 | English Books | ||||
| Anna Centenary Library | Anna Centenary Library | 3RD FLOOR, A WING | 13.10.2020 | 016.193 VON.1 | 389163 | 13.10.2020 | English Books |